| 000 | 00870pam a2200289 i 4500 | ||
|---|---|---|---|
| 001 | 3716648 | ||
| 003 | NUST - PNEC | ||
| 005 | 20170116180947.0 | ||
| 008 | 800401s1981 nyua b 001 0 eng | ||
| 010 | _a 80014300 | ||
| 020 | _a0070273952 | ||
| 020 | _a0072304243 | ||
| 020 | _a007Y663203 | ||
| 040 |
_aDLC _cLIBRARY _dDLC |
||
| 050 | 0 | 0 |
_aQC670 _b.H39 1981 |
| 082 | 0 | 0 | _a530.141 HAY |
| 100 | 1 |
_aHayt, William Hart, _d1920- |
|
| 245 | 1 | 0 |
_aEngineering electromagnetics / _cWilliam H. Hayt, Jr. |
| 250 | _a6th ed. | ||
| 260 |
_aNew York : _bMcGraw-Hill Book Co., _cc1981. |
||
| 300 |
_axiii, 527 p. : _bill. ; _c25 cm. |
||
| 440 | 0 | _aMcGraw-Hill series in electrical engineering | |
| 504 | _aIncludes bibliographies and index. | ||
| 650 | 0 |
_aElectromagnetic theory. _xME, EE, EL |
|
| 906 |
_a7 _bcbc _corignew _d1 _eocip _f19 _gy-gencatlg |
||
| 942 |
_2ddc _cBK |
||
| 999 |
_c66315 _d66315 |
||